| 000 | 01087cab a2200229 i 4500 | ||
|---|---|---|---|
| 001 | 768714001 | ||
| 003 | CO-MdFUSB | ||
| 005 | 20230112082240.0 | ||
| 008 | 180613s1989 gt ||||| |||| 00| 0 spa d | ||
| 022 | _a1014-9341 | ||
| 040 |
_aCO-MdFUSB _bspa _cCO-MdFUSB _dCO-MdFUSB |
||
| 041 | _aspa | ||
| 100 | 1 |
_aBlaising, Craig A. _eautor |
|
| 245 | 1 | 0 |
_aAlgunos cambios operados en la doctrina del dispensacionalismo por dispensacionalistas contemporáneos _b(primera de dos partes) _c/ Craig A. Blaising |
| 300 |
_aNúmero 4 (Enero - Junio, 1989), páginas 38-59 _c; 22 cm |
||
| 520 | _aLa presente reflexión enfoca el lugar de las Sagradas Escrituras deben tener en la educación teológica, como Palabra de Dios. Incluye argumentos de la centralidad de las Escrituras, y sugiere algunas maneras prácticas de darle a la Biblia la prominencia que le corresponde. | ||
| 650 | 7 |
_9320 _aTeología bíblica |
|
| 650 | 7 |
_9213 _aEscatología |
|
| 653 | _aDispensacionalismo | ||
| 773 | 0 |
_tKairós _049489 _976486 _gNúmero 4 (Enero - Junio, 1989), páginas 38-59 _qpágina 38 |
|
| 942 | _cANA | ||
| 999 |
_c51150 _d51150 |
||